|
|
|
|
| LEADER |
00000cam a2200000 a 4500 |
| 001 |
vtls008329058 |
| 003 |
SK-MaSNL |
| 005 |
20260301151617.0 |
| 008 |
250312s1956 xo oa f f 000 0 slo |
| 015 |
|
|
|a SNBA1956/08-01016
|
| 020 |
|
|
|q (brožované)
|
| 035 |
|
|
|a SK01SNK19560021275
|
| 035 |
|
|
|a urn:nbn:sk:snk-am3hyxq
|
| 035 |
|
|
|a 47BBF5E8-DF04-4B35-BDA7-80FC8A2FD894
|
| 035 |
|
|
|a urn:nbn:sk:snk-am00ddy3
|
| 035 |
|
|
|a SKM000023738
|
| 040 |
|
|
|a SNK
|b slo
|c SNK
|e AACR2
|
| 041 |
0 |
|
|a slo
|
| 044 |
|
|
|a xo
|c SK
|
| 072 |
|
7 |
|a 664
|x Potravinársky priemysel
|2 konspekt
|
| 080 |
|
|
|a 641.4(035)
|2 1981
|
| 080 |
|
|
|a 664.8/.9
|2 2011
|
| 080 |
|
|
|a 641.4:635.8
|2 2011
|
| 080 |
|
|
|a 641.48
|2 2011
|
| 080 |
|
|
|a 664.83/.84
|2 2011
|
| 080 |
|
|
|a 637.5.033
|2 2011
|
| 080 |
|
|
|a (035)
|2 2011
|
| 100 |
1 |
|
|a Vydrová, Anna,
|d 1939-2015
|4 aut
|9 37601
|
| 245 |
1 |
0 |
|a Konzervujeme doma
|c [napísala A. Vydrová]
|
| 260 |
|
|
|a Martin
|b Osveta
|c 1956
|
| 300 |
|
|
|a 34 strán
|b fotografie, ilustrácie
|c 26 cm
|
| 490 |
1 |
|
|a Príručky pre ženy
|v zv. 2
|
| 500 |
|
|
|a Obsahuje reklamy
|
| 650 |
0 |
7 |
|a konzervovanie potravín
|2 SNKPH
|9 3487
|
| 650 |
0 |
7 |
|a konzervovanie húb
|2 SNKPH
|9 117266
|
| 650 |
0 |
7 |
|a konzervovanie ovocia
|2 SNKPH
|9 67547
|
| 650 |
0 |
7 |
|a konzervovanie zeleniny
|2 SNKPH
|9 30844
|
| 650 |
0 |
7 |
|a konzervovanie mäsa
|2 SNKPH
|9 69140
|
| 655 |
|
7 |
|a príručky
|2 SNKPH
|9 74364
|
| 830 |
|
0 |
|a Príručky pre ženy
|9 359022
|
| 852 |
|
|
|a Slovenská národná knižnica
|
| 958 |
|
|
|a RK
|
| 958 |
|
|
|a TL
|
| 958 |
|
|
|a OND
|
| 999 |
|
|
|c 787088
|d 789018
|
| 952 |
|
|
|a SNK
|b SNK
|y PREZ
|7 0
|p 17A0789459
|o snkSC 8245
|i snkKSP 2485/56
|0 0
|1 0
|4 0
|d 2019-07-29
|f 1
|l 0
|r 2025-07-09 00:00:00
|w 2026-02-24
|